000 01045nac a22002411u 4500
010 _a 2005037878
020 _a013145353X (hardcover : alk. paper)
020 _a9780131453531
035 _a(OCoLC)ocm62766112
082 0 0 _a658.4
_bC2251
090 _c2336
_d2336
100 _aCarpenter, Mason Andre
245 1 0 _aStrategic management :
_ba dynamic perspective : concepts and cases /
_cMason A. Carpenter, Wm. Gerard Sanders.
260 _aUpper Saddle River, N.J. :
_bPearson/Prentice Hall,2007
_c2007.
300 _axvi, 687 p. :
_bill. (chiefly col.) ;
_c29 cm.
504 _aIncludes bibliographical references and indexes.
650 0 _aStrategic planning.
650 0 _aIndustrial management.
700 1 _aSanders, William Gerard,
_d1957-
856 4 1 _3Table of contents only
_uhttp://www.loc.gov/catdir/toc/ecip065/2005037878.html
942 _cBB
_k658.4C2251
999 _c2336
_d2336